1322 1124 1169 1648 1881 1099 1952 1344 1177 1254 1544 1590 1118 1918 1383 1689 1353 1277 1214 1041 1601 1159 1673 1885 1068 1008 1700 1438 1421 1217 1295 1509 1719 1171 1712 1029 1353 1866 1693 1878 1889 1374 1483 1406 1167 1709 1529 1110 1005 1181 1495 1030 1400 1875 1647 1855 1637 1122 1040 1023 1152 1671 1951 1930 1063 1673 1322 1406 1600 1816 1031 1781 1900 1788 1432 1148 1544 1266 1601 1449 1306 1222 1826 1351 1910 1672 1838 1610 1356 1678 1208 1373 1646 1246 1835 1911 1818 1770 1762 BCNSPRNW ULIB Ver.6.0+V

เปลี่ยนเป็นภาษาไทย

Change to English
 แสดงรายละเอียดบรรณานุกรม
  กลับหน้าหลัก

Brief Record : Get Marc (ISO 2709) : E-mail record : QR code < ปิดหน้าต่าง
LEADER : 00000nam 2200000uu 4500
001    13399124920
003     ULIB
008    160512s2556||||th 000 0 tha d
020    ^a9786162232534 (ล.1)
060  4 ^aWS100^bต367ก ล.1
245 00 ^aตำรากุมารเวชศาสตร์ เล่ม 1=^bPediatrics /^cสุวรรณี วิษณุโยธิน ...[และคนอื่น ๆ] ^eบรรณาธิการ
246 31 ^aPediatrics
250    ^aพิมพ์ครั้งที่ 1
260    ^aขอนแก่น :^bภาควิชากุมารเวชศาสตร์ คณะแพทยศาสตร์มหาวิทยาลัยขอนแก่น,^c2556
300    ^a2 เล่ม :^bภาพประกอบ
650  7 ^aกุมารเวชศาสตร์
650  7 ^aโรค^xในวัยทารกและเด็ก
694    ^aHealth sciences branch
700 0  ^aสุวรรณี วิษณุโยธิน,^eบรรณาธิการ^ukku-m
710 2  ^aมหาวิทยาลัยขอนแก่น.^bคณะแพทยศาสตร์.^bภาควิชากุมารเวชศาสตร์
945    ^p520^l0^i000727
945    ^p520^l0^i000728
945    ^p520^l0^i000729
945    ^p520^l0^i000730
945    ^p520^l0^i000731
945    ^p520^l0^i000732
945    ^p520^l0^i000733
945    ^p520^l0^i000734
945    ^p520^l0^i000735
945    ^p520^l0^i000736
999    เล่ม1^aวรรณษา ชูชัยมงคล
รายการนี้ยังไม่มีแท็ก
คุณยังไม่ได้ล็อกอิน คุณสามารถมีกิจกรรมร่วมกับเว็บไซต์ได้ แต่ต้องล็อกอินก่อน ::
  ล็อกอิน

รายการสื่อสารสนเทศ

ลำดับที่ ประเภท เลขเรียก/บาร์โค้ด สถานที่ สถานะ
1. วิทยาศาสตร์การแพทย์ และสุขภาพ
หนังสือสำรอง
สถานะ=หนังสือสำรอง
WS100 ต367ก ล.1 ฉ.1 
  Barcode: 000727
ห้องสมุดวิทยาเขตสวรรค์ประชารักษ์
►ส่วนจัดเก็บหนังสือเก่า สปร
บนชั้น
  ขอยืม
2. วิทยาศาสตร์การแพทย์ และสุขภาพ
วิทยาศาสตร์การแพทย์ และสุขภาพ
WS100 ต367ก ล.1 ฉ.10 
  Barcode: 000736
ห้องสมุดวิทยาเขตสวรรค์ประชารักษ์
►ส่วนจัดเก็บหนังสือเก่า สปร
บนชั้น
  ขอยืม
3. วิทยาศาสตร์การแพทย์ และสุขภาพ
วิทยาศาสตร์การแพทย์ และสุขภาพ
WS100 ต367ก ล.1 ฉ.2 
  Barcode: 000728
ห้องสมุดวิทยาเขตสวรรค์ประชารักษ์
►ส่วนจัดเก็บหนังสือเก่า สปร
บนชั้น
  ขอยืม
4. วิทยาศาสตร์การแพทย์ และสุขภาพ
วิทยาศาสตร์การแพทย์ และสุขภาพ
WS100 ต367ก ล.1 ฉ.3 
  Barcode: 000729
ห้องสมุดวิทยาเขตสวรรค์ประชารักษ์
►ส่วนจัดเก็บหนังสือเก่า สปร
บนชั้น
  ขอยืม
5. วิทยาศาสตร์การแพทย์ และสุขภาพ
วิทยาศาสตร์การแพทย์ และสุขภาพ
WS100 ต367ก ล.1 ฉ.4 
  Barcode: 000730
ห้องสมุดวิทยาเขตสวรรค์ประชารักษ์
►ส่วนจัดเก็บหนังสือเก่า สปร
บนชั้น
  ขอยืม
6. วิทยาศาสตร์การแพทย์ และสุขภาพ
วิทยาศาสตร์การแพทย์ และสุขภาพ
WS100 ต367ก ล.1 ฉ.5 
  Barcode: 000731
ห้องสมุดวิทยาเขตสวรรค์ประชารักษ์
►ส่วนจัดเก็บหนังสือเก่า สปร
บนชั้น
  ขอยืม
7. วิทยาศาสตร์การแพทย์ และสุขภาพ
วิทยาศาสตร์การแพทย์ และสุขภาพ
WS100 ต367ก ล.1 ฉ.6 
  Barcode: 000732
ห้องสมุดวิทยาเขตสวรรค์ประชารักษ์
►ส่วนจัดเก็บหนังสือเก่า สปร
บนชั้น
  ขอยืม
8. วิทยาศาสตร์การแพทย์ และสุขภาพ
วิทยาศาสตร์การแพทย์ และสุขภาพ
WS100 ต367ก ล.1 ฉ.7 
  Barcode: 000733
ห้องสมุดวิทยาเขตสวรรค์ประชารักษ์
►ส่วนจัดเก็บหนังสือเก่า สปร
บนชั้น
  ขอยืม
9. วิทยาศาสตร์การแพทย์ และสุขภาพ
วิทยาศาสตร์การแพทย์ และสุขภาพ
WS100 ต367ก ล.1 ฉ.8 
  Barcode: 000734
ห้องสมุดวิทยาเขตสวรรค์ประชารักษ์
►ส่วนจัดเก็บหนังสือเก่า สปร
บนชั้น
  ขอยืม
10. วิทยาศาสตร์การแพทย์ และสุขภาพ
วิทยาศาสตร์การแพทย์ และสุขภาพ
WS100 ต367ก ล.1 ฉ.9 
  Barcode: 000735
ห้องสมุดวิทยาเขตสวรรค์ประชารักษ์
►ส่วนจัดเก็บหนังสือเก่า สปร
บนชั้น
  ขอยืม

รายการใกล้เคียง
    หัวเรื่อง [กุมารเวชศาสตร์]

BibComment


ยังไม่เคยถูกคอมเมนท์

คอมเมนท์ทรัพยากรรายการนี้
  คอมเมนท์: ตำรากุมารเวชศาสต..


 Copyright 2026. Bcnsprnw @Library